| 000 | 01223nam a2200349 i 4500 | ||
|---|---|---|---|
| 001 | 197029 | ||
| 003 | ES-MaREB | ||
| 005 | 20250720063115.0 | ||
| 007 | ta | ||
| 008 | 250314s2024 sp |||| ||spa d | ||
| 017 |
_aM 23096-2024 _bOficina Depóstilo Legal Madrid |
||
| 020 | _a9788432169090 | ||
| 035 | _aC01367059c | ||
| 040 |
_abp-gc _bspa _cES-MaACL _dES-MaACL |
||
| 080 | _a821.134.2(649)-1"19" | ||
| 100 | 1 |
_aFlores, Pedro, _d1968- _951268 _eaut |
|
| 245 | 1 | 0 |
_aNuestro nombre es piedra / _cPedro Flores. |
| 250 | _a1ª edición | ||
| 260 |
_aMadrid : _bRialp, _c2024. |
||
| 300 |
_a74 páginas ; _c20 cm. |
||
| 336 |
_aTexto (visual) _2rdacontent |
||
| 337 |
_asin mediación _2rdamedia |
||
| 338 |
_2rdacarrier _avolumen |
||
| 490 | 1 |
_aAdonáis ; _v695 |
|
| 586 | _aPremio Alegría 2024, del Ayuntamiento de Santander | ||
| 655 | 7 |
_aPoesías _2tgfbne _9176539 |
|
| 852 |
_aES-MaACL _cDEPO2 _jJ-23-695 _hDonación: Editorial _xEncuadernación rústica _9206241 |
||
| 942 |
_n0 _cMONOGRAFIA |
||
| 999 |
_c197029 _d197029 |
||